00448nam a2200157Ia 4500999001700000003000400017005001700021008004100038040000900079082002100088100002400109245006100133260003900194300000900233942004800242 c21933d21933OSt20200519140812.0190216s9999||||xx |||||||||||||| ||und|| coclc a305.80095bHAS/I aHassnain, S E92446 0aIndian Muslims Challenge And Opportunity /cS E Hassnain bLalvani Pub House,c1968.aBombay: a144p cBK2ddch305.80095iHAS/Ik305.80095mHAS/I